Detalles MARC
| 000 -LÍDER |
| Campo fijo de descripción fija |
01902cam a2200373 i 4500 |
| 001 - NÚMERO DE CONTROL |
| Campo de control |
768714001 |
| 003 - IDENTIFICADOR DEL NÚMERO DE CONTROL |
| Campo de control |
CO-MdFUSB |
| 005 - FECHA Y HORA DE LA ULTIMA TRANSACCIÓN |
| control field |
20200704123619.0 |
| 007 - CAMPO FIJO DE DESCRIPCIÓN FIJA--INFORMACIÓN GENERAL |
| Campo fijo de descripción fija |
ta |
| 008 - ELEMENTOS DE LONGITUD FIJA -- INFORMACIÓN GENERAL |
| Campo fijo de descripción fija -- Información general |
041112t2005 cau b 000 1 eng |
| 010 ## - NÚMERO DE CONTROL DE LA BIBLIOTECA DEL CONGRESO |
| Número de control LC |
2004027032 |
| 020 ## - NÚMERO INTERNACIONAL NORMALIZADO PARA LIBROS |
| Número Internacional Normalizado del libro |
0787975923 |
| 020 ## - NÚMERO INTERNACIONAL NORMALIZADO PARA LIBROS |
| Número Internacional Normalizado del libro |
9780787975920 |
| 040 ## - FUENTE DE CATALOGACIÓN |
| Agencia de catalogación original |
DLC |
| Agencia que realiza la transcripción |
CO-MdFUSB |
| Agencia que realiza la modificación |
YDX |
| -- |
CO-MdFUSB |
| -- |
UKM |
| -- |
BAKER |
| -- |
BTCTA |
| -- |
YDXCP |
| Idioma de catalogación |
spa |
| Convenciones de la descripción |
rda |
| 041 ## - CÓDIGO DE IDIOMA |
| Código de idioma para texto/pista de sonido o título separado |
eng |
| 082 ## - NÚMERO DE CLASIFICACIÓN DECIMAL DEWEY |
| Número de la edición del Dewey |
23 |
| Número de clasificación |
823.92 |
| Clave de autor-Numero de item |
M161 |
| 100 1# - ASIENTO PRINCIPAL--NOMBRE PERSONAL |
| Nombre personal |
McLaren, Brian D., |
| Fechas asociadas con el nombre |
1956- |
| Término relacionador |
autor |
| 245 14 - TÍTULO |
| Título del Material |
The last word and the word after that : |
| Parte restante del título - Subtitulo |
a tale of faith, doubt, and a new kind of Christianity |
| Mención de responsabilidad, etc. |
/ Brian D. McLaren. |
| 250 ## - MENCIÓN DE EDICIÓN |
| Mención de edición |
primera edición |
| 264 #1 - PRODUCCIÓN, PUBLICACIÓN, DISTRIBUCIÓN, MANUFACTURA, Y COPYRIGHT |
| Lugar de producción, publicación, distribución, manufactura |
San Francisco : |
| Nombre del productor, publicador, distribuidor |
Jossey-Bass, |
| Fecha de producción, publicación, distribución, manufactura, o copyright |
[2005] |
| 264 #4 - PRODUCCIÓN, PUBLICACIÓN, DISTRIBUCIÓN, MANUFACTURA, Y COPYRIGHT |
| Fecha de producción, publicación, distribución, manufactura, o copyright |
© 2005 |
| 300 ## - DESCRIPCIÓN FÍSICA |
| Extensión |
202 páginas. ; |
| Dimensiones |
24 cm. |
| 336 ## - TIPO DE CONTENIDO |
| Fuente |
rdacontent |
| Término de tipo de contenido |
texto |
| Código de tipo de contenido |
txt |
| 337 ## - TIPO DE MEDIO |
| Fuente |
rdamedia |
| Nombre del tipo de medio |
sin mediación |
| Código del tipo de medio |
n |
| 338 ## - TIPO DE SOPORTE |
| Fuente |
rdacarrier |
| Nombre del tipo de soporte |
volumen |
| Código Tipo de soporte |
nc |
| 504 ## - NOTA DE BIBLIOGRAFÍA, ETC. |
| Nota de bibliografía, etc |
Incluye referencias bibliográficas. |
| 505 ## - NOTA DE CONTENIDO |
| Nota de contenido con formato preestablecido |
Algo serio - Estallido -Poeta en una gabardina - Fiesta en la sala de estar, tortura en el sótano - Jugar duro - No sé - La arquitectura de la Biblia - Los dos primeros hilos - El tercer y cuarto hilos - El factor chivo expiatorio - Mejor de lo que nos dimos cuenta - Algo así como una respuesta directa - ¿ Termina en un abrazo? - Lecciones de piano y manos grumosas - Tienes un trabajo duro - En todo el mapa - Deconstruyendo el infierno - Propuesta, plan, implementación - Tarea - ¿Cómo puedo lastimarlo? - Buenas cartas de pesca de leucomas - Lobos en esmoquin de abogado - Arriba hacia las estrellas - Un desayuno colorido - Un nuevo tipo de cristianismo - Reflexiones - Para Dios, todos están vivos - Una parte de mí en el centro de mi mente - El último mejor palabra |
| 563 ## - NOTA DE ENCUADERNACIÓN |
| Nota de encuadernación |
Rústico |
| 653 ## - TÉRMINO DE INDIZACIÓN - NO CONTROLADO |
| Término no controlado |
Creencia y duda. |
| 942 ## - TIPO DE MATERIAL (KOHA) |
| Tipo de Item KOHA |
Libros General |
| 945 ## - INFORMACIÓN LOCAL DEL REGISTRO |
| Catalogador |
JTF-925 |